Aadivina el ft de Bad Bunny - Estadísticas

Estadísticas generales
  • Esta prueba ha sido intentada 154 veces
  • La puntuación promedio es 15 de 18
Estadísticas de respuestas
Hint Respuesta % Correcto
LA NOCHE DE ANOCHE ROSALÍA
95%
DÁKITI JHAYCO
94%
QUE PRETENDES J Balvin
92%
Mayores Becky G
91%
MIA Drake
89%
Party Rauw Alejandro
88%
La Santa Daddy Yankee
87%
Me Porto Bonito Chencho Corleone
84%
Una Vez Mora
84%
THUNDER Y LIGHTNING Eladio Carrion
83%
Fina Young Miko
83%
Ignorantes Sech
82%
La Romana El Alfa
78%
TELEFONO NUEVO Luar La L
73%
Ojitos Lindos Bomba Estéreo
71%
Que Malo Ñengo Flow
66%
La Corriente Tony Dize
63%
Estamos Arriba Myke Towers
60%
No se encontraron pruebas coincidentes
Distribución de puntuación
Porcentaje de gente con cada puntuación
Porcentaje por número respondido
Historial de tus puntuaciones
No has intentado esta prueba.